000
00231nam a2200097Ia 4500
008
170620s9999 xx 000 0 und d
100
_a
Sharma- N.R.
245
0
_a
Teaching Of English
260
_b
R.S A. International- Agara-2
260
_c
2013
300
_a
216
999
_c
28123
_d
28123